Logo BPK

Biblioteka

Politechniki Koszalińskiej

Grieg / (Rekord nr 34973)

Szczegóły MARC
000 -ETYKIETA REKORDU
podpole kontrolne o stałej długości 02631njm a2200625 i 4500
001 - NUMER KONTROLNY REKORDU
pole kontrolne 34973
003 - IDENTYFIKATOR NUMERU KONTROLNEGO REKORDU
podpole kontrolne KOSZ 005
005 - DATA OSTATNIEJ MODYFIKACJI REKORDU
podpole kontrolne 20220822084214.0
007 - DANE KONTROLNE - FORMA FIZYCZNA DOKUMENTU
podpole kontrolne o stałej długości sd fsmgnnmmned
008 - POLE O STAŁEJ DŁUGOŚCI - DANE KONTROLNE
podpole kontrolne o stałej długości 061010s2005 pl munn i 000 0 d
020 ## - MIĘDZYNARODOWY ZNORMALIZOWANY NUMER KSIĄŻKI - ISBN
ISBN 8360004242
020 ## - MIĘDZYNARODOWY ZNORMALIZOWANY NUMER KSIĄŻKI - ISBN
ISBN 8360004064
040 ## - ŹRÓDŁO KATALOGOWANIA
Instytucja, która utworzyła rekord KOSZ 005
Instytucja, która sporządziła opis KOSZ 005
Instytucja, która dokonała modyfikacji KOSZ 005/AR
041 0# - KOD JĘZYKA
Kod języka tekstu pol
046 ## - DATY KODOWANE
Pojedyncza data lub początek okresu powstania dzieła lub zbioru dzieł 2005
080 ## - UNIWERSALNA KLASYFIKACJA DZIESIĘTNA - UKD
UKD 785(481)
080 ## - UNIWERSALNA KLASYFIKACJA DZIESIĘTNA - UKD
UKD (086.7)
100 1# - NAZWA OSOBOWA
Nazwa osobowa Grieg, Edvard
Daty związane z nazwą (1843-1907)
Określenie rodzaju współpracy Kompozytor
245 10 - TYTUŁ/ODPOWIEDZIALNOŚĆ
Tytuł Grieg /
Pozostałe elementy strefy tytułu i oznaczenia odpowiedzialności Edvard Grieg.
260 ## - STREFA ADRESU WYDAWNICZEGO
Miejsce wydania Warszawa :
Nazwa wydawcy/dystrybutora Mediasat Poland,
Data publikacji, dystrybucji/powstania dokumentu 2005.
300 ## - STREFA OPISU FIZYCZNEGO
Objętość 1 płyta CD (58 min 05 s) :
Inne cechy fizyczne zapis cyfrowy, stereo ;
Rozmiary 12 cm +
Dokument towarzyszący 1 dodatek : 43 strony : ilustracje ; 13 cm x 14 cm.
336 ## - TYP ZAWARTOŚCI
Źródło (terminu i kodu) rdacontent
Termin opisujący typ zawartości Nagranie muzyczne
Kod określający zawartość prm
336 ## - TYP ZAWARTOŚCI
Źródło (terminu i kodu) rdacontent
Wyszczególnienie materiału Dodatek
Termin opisujący typ zawartości Tekst
Kod określający zawartość txt
337 ## - TYP MEDIÓW
Źródło (terminu i kodu) rdamedia
Tryb odtwarzania Audio
Kod typu mediów s
337 ## - TYP MEDIÓW
Źródło (terminu i kodu) rdamedia
Tryb odtwarzania Komputer
Kod typu mediów c
337 ## - TYP MEDIÓW
Źródło (terminu i kodu) rdamedia
Wyszczególnienie materiału Dodatek
Tryb odtwarzania Bez urządzenia pośredniczącego
Kod typu mediów n
338 ## - TYP/RODZAJ NOŚNIKA
Źródło (terminu i kodu) rdacarrier
Hasło opisujące typ nośnika Płyta audio
Kod typu nośnika
338 ## - TYP/RODZAJ NOŚNIKA
Źródło (terminu i kodu) rdacarrier
Wyszczególnienie materiału Dodatek
Hasło opisujące typ nośnika Wolumin
Kod typu nośnika
380 ## - FORMA I TYP PUBLIKACJI
Forma i typ publikacji Muzyka
388 ## - CZAS POWSTANIA
Czas powstania 1801-1900
490 1# - STREFA SERII I DOKUMENTU WIELOCZĘŚCIOWEGO - FORMA NIE DO WYSZUKIWANIA
Tytuł i oznaczenie odpowiedzialności serii Biblioteka Gazety Wyborczej. Wielcy Kompozytorzy ;
Numeracja w obrębie serii 18
500 ## - UWAGI OGÓLNE
Tekst uwagi Tekst komentarza: Łukasz Dobrowolski.
500 ## - UWAGI OGÓLNE
Tekst uwagi Wykonanie: Royal Philharmonic Orchestra ; James Judd, dyrygent ; Ronan O'Hara, fortepian.
500 ## - UWAGI OGÓLNE
Tekst uwagi Nagranie: C.T.S. Sound Studio, Londyn maj 1994 rok.
505 ## - SFORMALIZOWANA UWAGA DOTYCZĄCA ZAWARTOŚCI
Pełny tekst uwagi Koncert fortepianowy a-moll op. 16 ; Utwory liryczne (wybór). Arietta op. 12 nr 1 ; Taniec elfów op. 12 nr 4 ; Melodia ludowa op.12 nr 5 ; Motyl op. 43 nr 1 ; Ptaszek op. 43 nr 4 ; Wiosna op. 43 nr 6 ; Nokturn op. 54 nr 4 ; Gade op. 57 nr 2 ; Sylf op. 62 nr 1 ; Francuska serenada op. 62 nr 3 ; Salon op. 65 nr 4 ; Letni wieczór op. 71 nr 2.
600 17 - HASŁO PRZEDMIOTOWE W FORMIE NAZWY OSOBOWEJ
Nazwa osobowa Grieg, Edvard
Daty związane z nazwą (1843-1907)
648 #7 - HASŁO PRZEDMIOTOWE - TERMIN CHRONOLOGICZNY
Termin chronologiczny 1801-1900
650 #9 - HASŁO PRZEDMIOTOWE W FORMIE NAZWY OGÓLNEJ LUB JEDNOSTKOWEJ
Nazwa ogólna lub geograficzna Kompozytorzy norwescy
655 #7 - TERMIN INDEKSOWY - OKREŚLENIE RODZAJU/FORMY DOKUMENTU
Określenie rodzaju/formy dokumentu Dokumenty dźwiękowe
655 #7 - TERMIN INDEKSOWY - OKREŚLENIE RODZAJU/FORMY DOKUMENTU
Określenie rodzaju/formy dokumentu Koncert (utwór muzyczny)
655 #7 - TERMIN INDEKSOWY - OKREŚLENIE RODZAJU/FORMY DOKUMENTU
Określenie rodzaju/formy dokumentu Muzyka instrumentalna
655 #7 - TERMIN INDEKSOWY - OKREŚLENIE RODZAJU/FORMY DOKUMENTU
Określenie rodzaju/formy dokumentu Muzyka na fortepian
655 #7 - TERMIN INDEKSOWY - OKREŚLENIE RODZAJU/FORMY DOKUMENTU
Określenie rodzaju/formy dokumentu Muzyka na fortepian i orkiestrę
655 #7 - TERMIN INDEKSOWY - OKREŚLENIE RODZAJU/FORMY DOKUMENTU
Określenie rodzaju/formy dokumentu Muzyka poważna
655 #7 - TERMIN INDEKSOWY - OKREŚLENIE RODZAJU/FORMY DOKUMENTU
Określenie rodzaju/formy dokumentu Muzyka taneczna
655 #7 - TERMIN INDEKSOWY - OKREŚLENIE RODZAJU/FORMY DOKUMENTU
Określenie rodzaju/formy dokumentu Nokturn (utwór muzyczny)
655 #7 - TERMIN INDEKSOWY - OKREŚLENIE RODZAJU/FORMY DOKUMENTU
Określenie rodzaju/formy dokumentu Serenada
700 1# - HASŁO DODATKOWE - NAZWA OSOBOWA
Nazwa osobowa Wiśnios, Joanna
Określenie związku między hasłem a opisywanym materiałem Tekst
700 1# - HASŁO DODATKOWE - NAZWA OSOBOWA
Nazwa osobowa Judd, James
Określenie związku między hasłem a opisywanym materiałem Dyrygent
Daty związane z nazwą (1949- )
700 1# - HASŁO DODATKOWE - NAZWA OSOBOWA
Nazwa osobowa O'Hora, Ronan
Określenie związku między hasłem a opisywanym materiałem Wykonanie
Daty związane z nazwą (1964- )
710 #2 - HASŁO DODATKOWE - NAZWA CIAŁA ZBIOROWEGO
Nazwa ciała zbiorowego lub jednostki geograficznej Royal Philharmonic Orchestra (Londyn)
Określenie związku między hasłem a opisywanym materiałem Wykonanie
710 #2 - HASŁO DODATKOWE - NAZWA CIAŁA ZBIOROWEGO
Nazwa ciała zbiorowego lub jednostki geograficznej Mediasat Poland
Określenie związku między hasłem a opisywanym materiałem Wydawca
830 #0 - HASŁO DODATKOWE SERII LUB DOKUMENTU WIELOCZĘŚCIOWEGO - TYTUŁ UJEDNOLICONY
Tytuł ujednolicony Biblioteka Gazety Wyborczej.
Nazwa części/sekcji dzieła Wielcy Kompozytorzy
Oznaczenie tomu 18
942 ## - DODATKOWE ELEMENTY (KOHA)
Typ dokumentu Płyta CD
Schemat klasyfikacji Uniwersalna Klasyfikacja Dziesiętna
Egzemplarze
Wycofany Status Uszkodzony Dostępność Lokalizacja stała Lokalizacja bieżąca Miejsce przechowywania Cena Sygnatura Kod kreskowy Dział Koszt zastąpienia Typ dokumentu
      Tylko na miejscu Biblioteka Politechniki Koszalińskiej Biblioteka Politechniki Koszalińskiej Czytelnia BG 14.90 CD 1345 00336154 0/9(0.034.2) Dokumenty elektroniczne 14.90 Płyta CD
© 2023 Biblioteka Politechniki Koszalińskiej :: KOHA